| 000 | 00853cam a2200265 a 4500 | ||
|---|---|---|---|
| 001 | 3839557 | ||
| 003 | Nust | ||
| 005 | 20220831105608.0 | ||
| 008 | 870227s1987 nyu 000 1 eng | ||
| 010 | _a 87006910 | ||
| 020 |
_a9780007340583 _cRs. 695 |
||
| 038 | _aArshad | ||
| 040 |
_aDLC _cDLC _dDLC _dOCoLC _dDLC |
||
| 050 | 0 | 0 |
_aPS3553.L245 _bP38 1987 |
| 082 | 0 | 0 |
_a823 _bCLA |
| 100 | 1 |
_aClancy, Tom, _d1947-2013. _912003 |
|
| 245 | 1 | 0 |
_aPatriot games / _cTom Clancy. |
| 260 |
_aNew York : _bPutnam, _c1987. |
||
| 300 |
_a615 p. ; _c24 cm. |
||
| 600 | 1 | 0 |
_aRyan, Jack, _cSr. (Fictitious character) _vFiction. _912004 |
| 655 | 7 |
_aSpy stories. _2gsafd _98087 |
|
| 856 | 4 | 2 |
_3Contributor biographical information _uhttp://www.loc.gov/catdir/enhancements/fy1305/87006910-b.html |
| 906 |
_a7 _bcbc _corignew _d1 _eocip _f19 _gy-gencatlg |
||
| 942 |
_2ddc _cBK |
||
| 999 |
_c174373 _d174373 |
||